000 00347nam a2200133Ia 4500
008 100328s9999 xx 000 0 und d
082 _b44360
100 _aसहस्त्रबुदे नलिनी
245 _aमृगया
260 _bमृगया
630 _aमृगया
730 _aमृगया
942 _cBOOK
999 _c532642
_d532639